Estudis sobre equipos magneticos power (Record no. 284)

MARC details
000 -LEADER
fixed length control field 00448nam a2200157Ia 4500
003 - CONTROL NUMBER IDENTIFIER
control field IN-BaIIA
005 - DATE AND TIME OF LATEST TRANSACTION
control field 20250704150014.0
008 - FIXED-LENGTH DATA ELEMENTS--GENERAL INFORMATION
fixed length control field 211028s9999 xx 000 0 eng d
040 ## - CATALOGING SOURCE
Transcribing agency IIA Library
080 ## - UNIVERSAL DECIMAL CLASSIFICATION NUMBER
Universal Decimal Classification number 550.38
Item number DEV
100 ## - MAIN ENTRY--PERSONAL NAME
Personal name Fedro Devrizer
9 (RLIN) 551
245 #0 - TITLE STATEMENT
Title Estudis sobre equipos magneticos power
Statement of responsibility, etc. Fedro Devrizer
260 ## - PUBLICATION, DISTRIBUTION, ETC.
Place of publication, distribution, etc. Madrid
Name of publisher, distributor, etc. Instituto Geografico Y Catastral
Date of publication, distribution, etc. 1950
650 ## - SUBJECT ADDED ENTRY--TOPICAL TERM
Topical term or geographic name entry element Magneticos Power
9 (RLIN) 552
942 ## - ADDED ENTRY ELEMENTS (KOHA)
Koha item type Books
Source of classification or shelving scheme Dewey Decimal Classification
Holdings
Withdrawn status Lost status Source of classification or shelving scheme Damaged status Not for loan Home library Current library Shelving location Date acquired Total Checkouts Full call number Barcode Date last seen Price effective from Koha item type Purchase Price
    Dewey Decimal Classification     IIA Library-Bangalore IIA Library-Kodaikanal General Stacks     550.38/ DEV 270 05/11/2021   Books  

Powered by Koha